000 00851nam a2200217 a 4500
001 000039205
005 20201002031537.0
008 130611s2004 dr 000 0 spa d
020 _a9788400082314
040 _aDO-SdBNP
_bspa
_cBNPHU
100 1 _aCriado Martínez, Ninfa
_965395
245 1 3 _aÁlvaro Cunqueiro :
_bel juego de la ficción dramática /
_cNinfa Criado Martínez.
260 _aMadrid :
_bConsejo Superior de Investigaciones Científicas,
_c2004.
300 _a13-212 p. ;
_c24 cm.
490 1 _aAnejos de Revista de literatura
_v60
504 _aBibliografía : p. 193-212
504 _aIncluye referencias bibliográficas y notas al pie de las páginas
590 _aInventariado, 2019/VM
710 2 _aInstituto de la Lengua Española, (CSIC),
_965388
830 0 _aConsejo Superior de Investigaciones Científicas, ;
_v60
_963734
999 _c38695
_d38695